| 000 | 00900cam a2200253 a 4500 | ||
|---|---|---|---|
| 001 | 18260 | ||
| 003 | BD-RjUL | ||
| 005 | 20211209000247.0 | ||
| 008 | 140220s1952 enkcj 000 0 eng d | ||
| 035 | _a53-25502 | ||
| 035 | _a(BD-RjUL) | ||
| 040 |
_aDLC _cMFM _dBD-RjUL _beng |
||
| 041 | _aeng | ||
| 082 |
_222 _a820.9008 _bRAB |
||
| 100 | 1 |
_aRay, Gordon Norton, _d1915-1986. _956207 |
|
| 245 | 1 | 4 |
_aThe buried life : _ba study of the relation between Thackeray's fiction and his personal history / _cby Gordon N. Ray |
| 260 |
_aLondon : _bpublished for the Royal Society of Literature by Oxford University Press, _c1952. |
||
| 300 |
_avi, 148 p. : _bport., geneal. table ; _c22 cm |
||
| 504 | _aBibliographical references included in "Notes" (p. [128]-142) | ||
| 600 | 1 | 0 |
_aThackeray, William Makepeace, _d1811-1863. _956208 |
| 942 |
_2ddc _cBK |
||
| 999 |
_c18260 _d18260 |
||